A Botevi költészet üzenetei

Elmentve itt :
Bibliográfiai részletek
Szerző: Halasi Barbara
További közreműködők: Panajotov Plamen (Témavezető)
Dokumentumtípus: Szakdolgozat
Megjelent: 1999
Tárgyszavak:
Online Access:http://diploma.bibl.u-szeged.hu/133442
LEADER 00603nta a2200181 i 4500
001 dipl133442
005 20230502084547.0
008 230428s1999 hu om 0|| bul d
040 |a SZTE Diploma Repozitórium  |b hun 
041 |a bul 
100 1 |a Halasi Barbara 
245 1 2 |a A Botevi költészet üzenetei  |h [elektronikus dokumentum] /  |c Barbara Halasi 
260 |c 1999 
650 4 |a Bölcsészettudományok 
650 4 |a Humanities 
650 4 |a Languages and Literature 
700 1 |a Panajotov Plamen  |e ths 
856 4 0 |u https://diploma.bibl.u-szeged.hu/id/eprint/133442/1/1999_halasi_barbara.pdf  |z Dokumentum-elérés